[Event "Mezinarodni sachovy festival PLZEN 2024 – CALLIDITAS OPEN"]
[Site "Hotel Lions Plzen"]
[Date "2024.09.12"]
[Round "4.2"]
[White "Vlk, Miloslav"]
[Black "Mametev, Artem"]
[Result "1/2-1/2"]
[WhiteElo "1873"]
[BlackElo "2155"]
[PlyCount "106"]
[EventDate "2024.09.09"]

{[%evp 0,40,19,-18,-9,-18,29,5,26,5,1,31,20,17,19,6,54,44,25,24,26,34,-10,-2,-18,-12,-27,-19,-12,-12,28,25,52,42,31,34,56,61,55,54,57,-74,13]} 1. c4 Nf6 2. Nc3 g6 3. g3 d5 4. cxd5 Nxd5 5. Bg2 Nb6 6. Nf3 Bg7 7. d4 O-O 8. O-O Nc6 9. d5 Na5 10. e4 c6 11. dxc6 Nxc6 12. Qe2 Bg4 13. Be3 Ne5 14. Rfd1 Qc7 15. Rac1 Qc4 16. Nxe5 Qxe2 17. Nxe2 Bxe2 18. Rd2 Bb5 19. Rc5 Ba6 20. Nd7 Nxd7 21. Rxd7 Bxb2 22. e5 Rad8 23. Rcd5 Rxd7 24. Rxd7 Bxe5 25. Bxb7 Bc4 26. Rxe7 Be6 27. Bc6 a6 28. a4 Bd6 29. Ra7 Bc4 30. Bb7 Rd8 31. Bxa6 Bb8 32. Bxc4 Bxa7 33. Bxa7 Ra8 34. Be3 Rxa4 35. Be2 h5 36. Kg2 Kg7 37. h3 Re4 38. g4 hxg4 39. hxg4 f5 40. gxf5 gxf5 41. Bd3 Rg4+ 42. Kf3 Kg6 43. Bf4 Kf6 44. Ke3 Rg8 45. Bc7 Rg4 46. Bb6 Ra4 47. Bd4+ Kg5 48. f3 Ra8 49. f4+ Kg4 50. Be5 Ra4 51. Bd6 Ra8 52. Kd4 Rd8 53. Ke5 Rxd6 1/2-1/2

[Event "Mezinarodni sachovy festival PLZEN 2024 – CALLIDITAS OPEN"]
[Site "Hotel Lions Plzen"]
[Date "2024.09.12"]
[Round "4.3"]
[White "Toman, Jan"]
[Black "Hodl, Vojtech"]
[Result "0-1"]
[WhiteElo "1977"]
[BlackElo "1700"]
[PlyCount "62"]
[EventDate "2024.09.09"]

{[%evp 0,49,61,25,79,79,68,14,43,37,60,8,48,20,58,-3,-10,5,4,-1,23,37,64,-2,57,51,91,49,40,40,73,68,67,40,72,33,37,6,-5,0,51,47,69,21,29,36,104,113,101,101,84,7]} 1. e4 c6 2. Nf3 d5 3. d3 Bg4 4. h3 Bh5 5. g4 Bg6 6. Qe2 Nd7 7. Nh4 e6 8. Nxg6 hxg6 9. Bg2 Qb6 10. Nd2 Ngf6 11. c3 O-O-O 12. e5 Ng8 13. d4 c5 14. Nb3 Ne7 15. Nxc5 Nxc5 16. dxc5 Qc7 17. O-O Nc6 18. Re1 Bxc5 19. b4 Bb6 20. a4 a6 21. a5 Ba7 22. b5 Nxa5 23. bxa6 b6 24. Bg5 Rd7 25. Rxa5 bxa5 26. c4 Qb6 27. cxd5 exd5 28. Rd1 Qe6 29. Qb5 Qxe5 30. Bxd5 Qg3+ 31. Kf1 Qxf2# 0-1

[Event "Mezinarodni sachovy festival PLZEN 2024 – CALLIDITAS OPEN"]
[Site "Hotel Lions Plzen"]
[Date "2024.09.12"]
[Round "4.4"]
[White "Krivka, Matej"]
[Black "Seterle, Matej"]
[Result "0-1"]
[WhiteElo "1917"]
[BlackElo "1930"]
[PlyCount "76"]
[EventDate "2024.09.09"]

{[%evp 0,76,26,10,77,72,71,69,85,47,65,44,46,50,41,59,82,60,78,84,91,83,118,50,54,56,22,63,60,-1,6,12,0,-25,-66,-132,56,0,0,0,0,-72,-33,-33,-46,-157,-146,-151,-90,-128,-109,-154,-49,-95,-91,-92,-85,-85,-108,-118,5,-72,-84,-85,-71,-54,-54,-88,-91,-168,-184,-337,-393,-381,-306,-797,-804,-817,-848]} 1. e4 d6 2. d4 Nf6 3. Nc3 c6 4. f4 Qa5 5. Bd3 e5 6. Nf3 Bg4 7. Be3 Nbd7 8. O-O Be7 9. h3 Bxf3 10. Qxf3 h5 11. fxe5 dxe5 12. Rad1 exd4 13. Bxd4 Bc5 14. Bxc5 Qxc5+ 15. Kh1 O-O-O 16. Ne2 Ng4 17. b4 Qg5 18. Qg3 Qe3 19. Rf3 Qb6 20. b5 Nde5 21. Rff1 Qe3 22. Qf4 Qxf4 23. Rxf4 Ne3 24. Rb1 c5 25. Nc3 Nxd3 26. cxd3 Rxd3 27. Rc1 f6 28. Rf3 Re8 29. Kg1 Red8 30. Kh2 b6 31. Nd5 Rd1 32. Rxd1 Nxd1 33. Ne7+ Kb7 34. Rg3 Rd7 35. Nf5 c4 36. Ne3 c3 37. Kg1 Nxe3 38. Rxe3 c2 0-1

[Event "Mezinarodni sachovy festival PLZEN 2024 – CALLIDITAS OPEN"]
[Site "Hotel Lions Plzen"]
[Date "2024.09.12"]
[Round "4.5"]
[White "Silhanek, Martin"]
[Black "Hodan, Jiri"]
[Result "1/2-1/2"]
[WhiteElo "1863"]
[BlackElo "1903"]
[PlyCount "75"]
[EventDate "2024.09.09"]

{[%evp 0,52,19,30,19,11,26,22,28,10,-5,-5,13,0,9,-5,23,23,23,20,25,5,11,16,16,-22,-11,-9,3,-2,3,-17,9,-2,-20,-29,-20,-20,-30,-7,0,-38,-22,-38,-25,-54,-36,-103,-93,-110,-106,-119,-111,-108,-108]} 1. Nf3 Nf6 2. e3 c5 3. c4 g6 4. b3 Bg7 5. Bb2 b6 6. g3 Bb7 7. Bg2 d6 8. O-O Nbd7 9. Qe2 O-O 10. d3 e6 11. Nbd2 Qc7 12. h4 Rfe8 13. Ng5 Bxg2 14. Kxg2 h6 15. Nge4 d5 16. Nxf6+ Nxf6 17. Bxf6 Bxf6 18. Rad1 Rad8 19. h5 Kg7 20. Rh1 g5 21. Qf3 Be5 22. g4 Qd7 23. Kf1 Rf8 24. cxd5 exd5 25. Qf5 Qxf5 26. gxf5 Kf6 27. e4 dxe4 28. dxe4 Bf4 29. Ke2 Bxd2 30. Rxd2 Rxd2+ 31. Kxd2 Ke5 32. Ke3 Rd8 33. Rc1 Rd4 34. f3 a5 35. a4 f6 36. Rc3 Rd1 37. Ke2 Rd4 38. Ke3 1/2-1/2

[Event "Mezinarodni sachovy festival PLZEN 2024 – CALLIDITAS OPEN"]
[Site "Hotel Lions Plzen"]
[Date "2024.09.12"]
[Round "4.6"]
[White "Laska, Vaclav"]
[Black "Koper, Stefan"]
[Result "1-0"]
[WhiteElo "1837"]
[BlackElo "1797"]
[PlyCount "131"]
[EventDate "2024.09.09"]

{[%evp 0,52,19,28,32,-11,-4,-6,6,1,17,2,14,25,19,17,27,5,2,-7,-1,4,-9,-47,-47,-47,-47,-47,-47,-30,-40,-44,-55,-50,-48,-48,-53,-61,-73,-74,-74,-81,-91,-97,-95,-118,-104,-117,-120,-76,-112,-132,-133,-145,-136]} 1. d4 d5 2. c4 e6 3. Nc3 Nf6 4. Bg5 c6 5. cxd5 cxd5 6. e3 Be7 7. Nf3 O-O 8. Ne5 Nbd7 9. f4 Ne4 10. Bxe7 Qxe7 11. Bd3 Qh4+ 12. g3 Nxg3 13. Nf3 Qh3 14. Rg1 Nf5 15. Qe2 Nf6 16. Bxf5 exf5 17. O-O-O g6 18. Rg3 Qh6 19. Ng5 Be6 20. Qg2 Rfe8 21. Rg1 Qf8 22. h4 Nh5 23. Nxe6 Rxe6 24. Rg5 Kh8 25. Nxd5 h6 26. Rxh5 gxh5 27. Qf3 Rg6 28. Rd1 Qd6 29. Nc3 Rc8 30. Qxb7 Rc7 31. Qb3 a5 32. Kb1 Qb4 33. Qxb4 axb4 34. Nd5 Rb7 35. Rc1 Kg7 36. Kc2 Rc6+ 37. Kd2 Rxc1 38. Kxc1 Rb5 39. Nc7 Ra5 40. Kc2 Rxa2 41. Kb3 Ra1 42. Kxb4 Kf6 43. Ne8+ Ke7 44. Ng7 Rh1 45. Kc5 Rc1+ 46. Kd5 Rb1 47. Ke5 Rxb2 48. Nxf5+ Kf8 49. d5 Re2 50. d6 Ke8 51. Kf6 Rg2 52. Ng7+ Kd7 53. Kxf7 Kxd6 54. e4 Rg4 55. e5+ Kd5 56. Nxh5 Rxh4 57. Nf6+ Kd4 58. e6 Rh1 59. e7 Re1 60. Nh5 Kd5 61. f5 Kd6 62. f6 Kd7 63. Ng7 Re2 64. e8=Q+ Rxe8 65. Nxe8 h5 66. Kg7 1-0

[Event "Mezinarodni sachovy festival PLZEN 2024 – CALLIDITAS OPEN"]
[Site "Hotel Lions Plzen"]
[Date "2024.09.12"]
[Round "4.7"]
[White "Hrdlica, Pavel"]
[Black "Jezek, Jakub"]
[Result "1-0"]
[WhiteElo "1949"]
[BlackElo "1743"]
[PlyCount "103"]
[EventDate "2024.09.09"]

{[%evp 0,49,38,31,23,-10,9,2,2,12,49,51,22,29,15,3,21,30,34,30,25,27,38,33,32,33,33,22,49,6,16,-19,25,-41,-30,-57,-37,-25,-41,-23,-46,-82,-79,-87,-89,-86,-80,-104,-8,-43,-26,-44]} 1. d4 d5 2. c4 e6 3. Nf3 Nf6 4. Nc3 dxc4 5. e3 a6 6. a4 c5 7. Bxc4 Nc6 8. O-O cxd4 9. exd4 Be7 10. Bf4 Qb6 11. d5 exd5 12. Nxd5 Nxd5 13. Bxd5 O-O 14. a5 Qxb2 15. Re1 Bf6 16. Ra2 Qb5 17. Bd6 Rd8 18. Bc7 Rf8 19. Ra4 Bf5 20. Bc4 Qb2 21. Bd3 Bxd3 22. Qxd3 Qb5 23. Qe4 Ne7 24. Rb1 Qc6 25. Rxb7 Qxe4 26. Rxe4 Nd5 27. g4 Nxc7 28. Rxc7 Rac8 29. Rec4 Rxc7 30. Rxc7 Bd8 31. Rc5 g6 32. Ne5 Be7 33. Rc6 Ra8 34. Nd7 Bb4 35. Nb6 Rb8 36. Nc4 Ra8 37. g5 Kg7 38. Kg2 Be7 39. h4 Bb4 40. f4 Ra7 41. Kf3 Be1 42. Kg4 h5+ 43. gxh6+ Kxh6 44. h5 f5+ 45. Kf3 Kxh5 46. Ne5 g5 47. fxg5 Kxg5 48. Rg6+ Kh5 49. Kf4 Bxa5 50. Kxf5 Bc3 51. Rg3 Kh4 52. Rxc3 1-0

[Event "Mezinarodni sachovy festival PLZEN 2024 – CALLIDITAS OPEN"]
[Site "Hotel Lions Plzen"]
[Date "2024.09.12"]
[Round "4.8"]
[White "Zdrahal, Vaclav"]
[Black "Olejnik, Artur"]
[Result "0-1"]
[WhiteElo "1854"]
[BlackElo "1703"]
[PlyCount "70"]
[EventDate "2024.09.09"]

{[%evp 0,4,19,28,10,20,1]} 1. e4 e5 2. Nf3 Nc6 3. Bb5 a6 4. Ba4 Nf6 5. O-O b5 6. Bb3 Bc5 7. d3 O-O 8. Bg5 h6 9. Bh4 g5 10. Bg3 d6 11. a4 Rb8 12. axb5 axb5 13. Nc3 Bg4 14. h3 Bh5 15. Nd5 Nd4 16. c3 Bxf3 17. gxf3 Nxb3 18. Qxb3 Nh5 19. Kg2 Kh8 20. Qd1 c6 21. d4 cxd5 22. dxc5 Nxg3 23. fxg3 dxc5 24. exd5 Rb6 25. Re1 Re8 26. Qd3 c4 27. Qe4 Rd6 28. Red1 Qd7 29. g4 Rf6 30. Ra5 Rf4 31. Qc2 e4 32. fxe4 Rfxe4 33. Rd2 Qd6 34. Rxb5 Re3 35. Qf5 Qg3+ 0-1

[Event "Mezinarodni sachovy festival PLZEN 2024 – CALLIDITAS OPEN"]
[Site "Hotel Lions Plzen"]
[Date "2024.09.12"]
[Round "4.9"]
[White "Zemen, Jiri"]
[Black "Roubik, Vit"]
[Result "1/2-1/2"]
[WhiteElo "1861"]
[BlackElo "1824"]
[PlyCount "44"]
[EventDate "2024.09.09"]

{[%evp 0,32,25,16,73,51,44,15,12,15,80,58,50,47,90,47,36,12,-4,-17,4,-12,-5,-41,-45,-29,-53,-72,-72,-72,-90,-191,-196,-196,-193]} 1. e4 c5 2. Nf3 Nc6 3. d4 cxd4 4. Nxd4 g6 5. Nc3 Bg7 6. Be3 Nf6 7. Be2 O-O 8. Qd2 d5 9. exd5 Nxd5 10. Nxd5 Nxd4 11. c4 Nxe2 12. Qxe2 e6 13. Nf4 Qa5+ 14. Bd2 Qc7 15. Nd3 Qxc4 16. b3 Qa6 17. Rb1 Rd8 18. Nc1 Qc6 19. O-O Qc2 20. Bg5 Qxe2 21. Nxe2 Rd5 22. Be3 b6 1/2-1/2

[Event "Mezinarodni sachovy festival PLZEN 2024 – CALLIDITAS OPEN"]
[Site "Hotel Lions Plzen"]
[Date "2024.09.12"]
[Round "4.10"]
[White "Sladek, Jaroslav"]
[Black "Macho, Michal"]
[Result "0-1"]
[WhiteElo "1849"]
[BlackElo "1622"]
[PlyCount "92"]
[EventDate "2024.09.09"]

{[%evp 0,40,19,25,71,67,86,49,49,49,82,51,59,49,36,55,85,69,59,48,53,52,50,30,49,50,53,54,43,39,53,47,105,74,240,227,256,256,460,200,235,238,268]} 1. e4 d6 2. d4 g6 3. h3 Bg7 4. Nf3 a6 5. a4 Nf6 6. Nc3 O-O 7. Be3 Nbd7 8. Bc4 e5 9. dxe5 Nxe5 10. Nxe5 dxe5 11. Qe2 Bd7 12. Bc5 Re8 13. O-O Nh5 14. Rfd1 Nf4 15. Qf3 c6 16. a5 Rc8 17. Na4 Rc7 18. Bb6 Qg5 19. Kh2 Be6 20. Bxe6 Nxe6 21. Bxc7 Nxc7 22. Rd7 Re7 23. Rad1 Nb5 24. c3 Bf8 25. g3 Nd4 26. R7xd4 exd4 27. cxd4 Qxa5 28. Nc3 Qb6 29. e5 Rd7 30. Qe3 Qxb2 31. Ne4 Be7 32. Rd2 Qb6 33. Qh6 Qd8 34. Qe3 c5 35. dxc5 Rxd2 36. Nxd2 Bxc5 37. Qe2 Qd4 38. Kg2 Qd5+ 39. Nf3 b5 40. Qe1 b4 41. Qd2 Qxd2 42. Nxd2 Bd4 43. f4 a5 44. Kf3 Bc3 45. Nb3 a4 46. Nc5 a3 0-1

[Event "Mezinarodni sachovy festival PLZEN 2024 – CALLIDITAS OPEN"]
[Site "Hotel Lions Plzen"]
[Date "2024.09.12"]
[Round "4.11"]
[White "Krivka, Jan"]
[Black "Macho, Miloslav"]
[Result "0-1"]
[WhiteElo "1774"]
[BlackElo "1846"]
[PlyCount "86"]
[EventDate "2024.09.09"]

{[%evp 0,59,25,26,75,68,76,44,44,50,50,50,57,70,57,102,98,-2,78,110,188,124,204,64,56,56,55,44,43,-14,7,13,-5,-63,-80,-43,0,0,0,0,165,31,11,17,17,-147,17,0,124,17,17,0,16,-99,-124,-187,-190,-199,-230,-230,-293,-362]} 1. d4 c5 2. d5 e5 3. c4 d6 4. Nc3 Be7 5. e4 Na6 6. f4 Bh4+ 7. g3 Bf6 8. Bh3 Nc7 9. Bxc8 Qxc8 10. Nf3 exf4 11. gxf4 Bxc3+ 12. bxc3 Qd7 13. e5 O-O-O 14. Qb3 Qf5 15. Rb1 b6 16. Be3 Qe4 17. Kf2 Nh6 18. h3 Nf5 19. Bd2 Nh6 20. a4 Rhe8 21. Rhe1 Qf5 22. Kg3 Qg6+ 23. Kf2 Qf5 24. Kg2 Qg6+ 25. Kh2 Qh5 26. Rf1 dxe5 27. fxe5 Ng4+ 28. Kg3 Nxe5 29. Nxe5 Rxe5 30. Rf2 Qg6+ 31. Kh2 Rf5 32. Rxf5 Qxf5 33. a5 Re8 34. Rg1 Re2+ 35. Rg2 Qe5+ 36. Kg1 Rxg2+ 37. Kxg2 Qe2+ 38. Kg3 Qxd2 39. axb6 axb6 40. Qxb6 Qxc3+ 41. Kg2 Qb4 42. Qc6 Qxc4 43. d6 Qd5+ 0-1

[Event "Mezinarodni sachovy festival PLZEN 2024 – CALLIDITAS OPEN"]
[Site "Hotel Lions Plzen"]
[Date "2024.09.12"]
[Round "4.12"]
[White "Matejka, Matyas"]
[Black "Skoda, Jiri"]
[Result "0-1"]
[WhiteElo "1573"]
[BlackElo "1837"]
[PlyCount "98"]
[EventDate "2024.09.09"]

{[%evp 0,31,26,31,12,19,5,10,32,13,53,-2,-2,-23,-7,-11,13,10,-12,22,62,35,63,56,58,45,49,43,38,29,45,37,25,22]} 1. e4 e5 2. Nf3 Nc6 3. Bc4 Bc5 4. O-O d6 5. h3 Nf6 6. Re1 O-O 7. c3 h6 8. a4 a6 9. d4 exd4 10. cxd4 Ba7 11. d5 Ne7 12. Be3 Bxe3 13. Rxe3 Ng6 14. Nc3 Nd7 15. b4 a5 16. b5 b6 17. Nd4 Nde5 18. Bb3 Nf4 19. Nc6 Qg5 20. Rg3 Qf6 21. Ra2 h5 22. Nxe5 Qxe5 23. Qd2 f5 24. Rg5 Qf6 25. Qxf4 Qxc3 26. Rg3 Qf6 27. Rf3 fxe4 28. Qxe4 Bf5 29. Qc4 Rae8 30. Kf1 Qe5 31. Re3 Qxe3 32. fxe3 Bd3+ 33. Kg1 Bxc4 34. Bxc4 Rxe3 35. Be2 g6 36. Bf3 Rf4 37. Kf2 Rc3 38. Ke1 Kf7 39. Rf2 Re3+ 40. Kd2 Ra3 41. Re2 Ra2+ 42. Ke3 Rxe2+ 43. Kxf4 Ra2 44. Kg5 Rxa4 45. Bxh5 gxh5 46. Kxh5 Kg7 47. h4 Rd4 48. g4 Rxd5+ 49. g5 Rxg5+ 0-1

[Event "Mezinarodni sachovy festival PLZEN 2024 – CALLIDITAS OPEN"]
[Site "Hotel Lions Plzen"]
[Date "2024.09.12"]
[Round "4.13"]
[White "Brotanek, Tomas"]
[Black "Holecek, Jan"]
[Result "0-1"]
[WhiteElo "1710"]
[BlackElo "1744"]
[PlyCount "58"]
[EventDate "2024.09.09"]

{[%evp 0,31,28,40,40,42,41,54,60,62,67,58,59,32,41,39,84,81,95,93,90,31,27,30,77,94,94,86,86,72,61,64,90,86]} 1. e4 d5 2. exd5 Nf6 3. d4 Bg4 4. Bb5+ Nbd7 5. f3 Bf5 6. c4 e6 7. dxe6 fxe6 8. Nc3 Be7 9. Nge2 O-O 10. Ng3 Bg6 11. Qe2 Bf7 12. Bf4 Nb6 13. c5 Nbd5 14. Be5 c6 15. Bd3 Qa5 16. Qd2 Qd8 17. Nce4 b6 18. Qc2 Nh5 19. Nd6 Nhf6 20. Nge4 bxc5 21. Nxf6+ Bxf6 22. Bxh7+ Kh8 23. Nxf7+ Rxf7 24. Qg6 Bxe5 25. dxe5 Qh4+ 26. g3 Qb4+ 27. Kf2 Qd2+ 28. Kg1 Ne3 29. Qxf7 Qg2# 0-1

[Event "Mezinarodni sachovy festival PLZEN 2024 – CALLIDITAS OPEN"]
[Site "Hotel Lions Plzen"]
[Date "2024.09.12"]
[Round "4.14"]
[White "Trejbal, Jan"]
[Black "Stepanek, Vit"]
[Result "0-1"]
[WhiteElo "1666"]
[BlackElo "1725"]
[PlyCount "63"]
[EventDate "2024.09.09"]

{[%evp 0,53,20,26,29,-8,6,8,21,21,37,12,30,17,42,29,39,29,39,45,45,1,7,-8,-14,-14,-1,-2,32,45,59,41,69,37,58,29,37,37,53,45,43,42,15,-12,-12,-12,-16,-22,-22,-29,-12,-12,14,-11,19,30]} 1. Nf3 Nf6 2. g3 g6 3. Bg2 Bg7 4. O-O d6 5. c4 O-O 6. Nc3 c6 7. d3 Bg4 8. Bg5 Qa5 9. Qd2 Nbd7 10. Bh6 a6 11. Bxg7 Kxg7 12. a3 Qc7 13. b4 c5 14. Qb2 Kg8 15. Rfb1 b6 16. Qd2 Rab8 17. Rb2 Bxf3 18. Bxf3 Ne5 19. Bg2 e6 20. bxc5 bxc5 21. Ne4 Nxe4 22. Bxe4 Rxb2 23. Qxb2 Rb8 24. Qc3 f5 25. Bg2 Qg7 26. Rc1 Qh6 27. e3 g5 28. d4 Ng4 29. h3 Nf6 30. dxc5 dxc5 31. Qe5 Nd7 32. Rd1 0-1

[Event "Mezinarodni sachovy festival Plzen 2024"]
[Site "?"]
[Date "2024.09.13"]
[Round "5.1"]
[White "Mametev, Artem"]
[Black "Vilimek, Vit"]
[Result "1-0"]
[WhiteElo "2155"]
[BlackElo "2203"]
[PlyCount "223"]

1. e4 e5 2. Nf3 Nc6 3. Bb5 a6 4. Ba4 Nf6 5. O-O Nxe4 6. d4 b5 7. Bb3 d5 8. dxe5
Be6 9. Nbd2 Nc5 10. c3 Nxb3 11. Nxb3 Be7 12. Qe2 O-O 13. Nfd4 Qd7 14. Nxc6 Qxc6
15. f4 Qc4 16. Qf2 g6 17. Be3 a5 18. Nd4 Bd7 19. f5 Bxf5 20. Nxf5 gxf5 21. Rad1
Qh4 22. Qxf5 Qe4 23. Qxe4 dxe4 24. Rd7 Rfe8 25. Rxc7 Rac8 26. Rxc8 Rxc8 27. Rf4
Rd8 28. Bd4 Rd5 29. Rxe4 b4 30. Kf2 a4 31. cxb4 Bxb4 32. Be3 Rb5 33. Rg4+ Kh8
34. Bd4 Bc5 35. Bxc5 Rxc5 36. Re4 Rb5 37. Re2 Kg8 38. Kf3 Kf8 39. Ke3 Ke7 40.
Kd4 Ke6 41. Kc4 Rb8 42. Kc5 Rb7 43. Kc4 Rb8 44. b4 axb3 45. axb3 Rc8+ 46. Kd4
Rd8+ 47. Ke4 Rb8 48. Re3 Rb4+ 49. Kf3 Kd5 50. g4 Ke6 51. h3 h5 52. gxh5 Rh4 53.
Kg3 Rxh5 54. Kg4 Rh8 55. Kg3 Rb8 56. Kf4 Rh8 57. Ke4 Rh4+ 58. Kd3 Kd5 59. Kc3
Kc5 60. Rf3 Kd5 61. Rxf7 Kxe5 62. Rf3 Kd5 63. Rd3+ Kc5 64. Kd2 Re4 65. Re3 Rf4
66. Kd3 Kd5 67. Rg3 Rh4 68. Kc3 Kc5 69. Rf3 Kd5 70. Rd3+ Kc5 71. Rg3 Kd5 72.
Kb2 Kc5 73. Ka3 Kb5 74. Rc3 Rf4 75. Rc1 Rh4 76. Rh1 Ka5 77. Kb2 Kb4 78. Kc2 Kc5
79. Kc3 Kd5 80. Kd3 Rb4 81. Kc3 Rh4 82. Kc2 Kc5 83. Kd2 Kd5 84. Ke2 Ke4 85. Kf2
Kf4 86. Kg2 Rh8 87. Rf1+ Ke4 88. Rf3 Rg8+ 89. Rg3 Rc8 90. Rg4+ Kf5 91. b4 Rc3
92. Rd4 Ke5 93. Rh4 Rb3 94. Rg4 Kf5 95. Rc4 Kg5 96. h4+ Kf5 97. Kf2 Ke5 98. h5
Rh3 99. Kg2 Rb3 100. Rh4 Rb2+ 101. Kf3 Rb3+ 102. Ke2 Rg3 103. h6 Rg8 104. h7
Rh8 105. Ke3 Kd5 106. Kf4 Ke6 107. Kg5 Kf7 108. b5 Kg7 109. b6 Kf7 110. b7 Kg7
111. Rh1 Kf7 112. b8=Q 1-0

[Event "Mezinarodni sachovy festival Plzen 2024"]
[Site "?"]
[Date "2024.09.13"]
[Round "5.2"]
[White "Novotny, David"]
[Black "Seterle, Matej"]
[Result "1-0"]
[WhiteElo "1967"]
[BlackElo "1930"]
[PlyCount "243"]

1. e4 d6 2. d4 Nf6 3. Nc3 c6 4. f4 Qa5 5. Bd3 e5 6. Nf3 Bg4 7. Be3 Nbd7 8. O-O
Be7 9. h3 Bxf3 10. Qxf3 h5 11. Rab1 a6 12. b4 Qc7 13. fxe5 dxe5 14. d5 c5 15.
b5 a5 16. b6 Qb8 17. Bb5 O-O 18. Bxd7 Nxd7 19. Qxh5 Ra6 20. Bh6 gxh6 21. Qg4+
Bg5 22. Qxd7 c4 23. Rf3 Bf4 24. Ne2 Qc8 25. Qxc8 Rxc8 26. Nxf4 exf4 27. Rxf4
Rd8 28. Rf6 Kg7 29. Rbf1 Rd7 30. R1f4 Re7 31. Kf2 a4 32. Ke3 Ra5 33. R6f5 Rd7
34. Kd4 Rb5 35. Rf6 Rb2 36. Kc3 Rxa2 37. Rf1 a3 38. R6f2 Rb2 39. Ra1 Rxb6 40.
Rxa3 Re7 41. Re2 Rb1 42. Kxc4 Rc7+ 43. Kd3 Rd1+ 44. Rd2 Re1 45. Kd4 b5 46. Re3
Rc4+ 47. Kd3 Ra1 48. d6 Kf6 49. Ke2 Ra8 50. Kf3 Ke6 51. d7 Rd8 52. Red3 Rc6 53.
Rd5 Rb6 54. Kf4 Ke7 55. Re5+ Kf8 56. Kf5 b4 57. Rc5 Ke7 58. Re5+ Kf8 59. Red5
Ke7 60. e5 Rc6 61. Rd6 Rc5 62. R6d5 Rc6 63. Rd6 Rc5 64. Rxh6 Rxd7 65. Rxd7+
Kxd7 66. Rd6+ Ke7 67. Rd2 Ra5 68. Rd6 Rc5 69. Rd2 Ra5 70. Kf4 Ra2 71. Ke3 Ke6
72. Ke4 Ra5 73. Rd6+ Ke7 74. Rc6 Ra1 75. Rc7+ Ke6 76. Rc6+ Ke7 77. Rb6 Rc1 78.
Kd3 Rg1 79. g4 Rg3+ 80. Ke4 Rxh3 81. Rxb4 Rc3 82. Rb7+ Ke6 83. Rb6+ Ke7 84. Rb2
Ke6 85. Kd4 Rg3 86. Rb6+ Ke7 87. Kd5 Rxg4 88. Rb7+ Ke8 89. Rb8+ Ke7 90. Rb7+
Ke8 91. c3 Rg1 92. Rb4 Kd7 93. Rd4 Rc1 94. c4 Rc2 95. Rd1 Re2 96. Rd3 Rc2 97.
c5 Rc1 98. Rd2 Rc3 99. Rf2 Ke7 100. Rf4 Rc1 101. c6 Rd1+ 102. Rd4 Rc1 103. Ra4
Rd1+ 104. Rd4 Rc1 105. Rd2 Kd8 106. Rb2 Rd1+ 107. Kc5 Rc1+ 108. Kb6 Kc8 109.
Rf2 Rb1+ 110. Kc5 Rc1+ 111. Kd6 Rd1+ 112. Ke7 Rd5 113. Re2 Kc7 114. Kxf7 Kxc6
115. Rc2+ Kd7 116. e6+ Kd6 117. e7 Rf5+ 118. Ke8 Ra5 119. Rd2+ Ke6 120. Re2+
Kd6 121. Kf7 Ra7 122. Kf8 1-0

[Event "Mezinarodni sachovy festival Plzen 2024"]
[Site "?"]
[Date "2024.09.13"]
[Round "5.3"]
[White "Hodl, Vojtech"]
[Black "Silhanek, Martin"]
[Result "0-1"]
[WhiteElo "1700"]
[BlackElo "1863"]
[PlyCount "38"]

1. e4 d6 2. d4 Nf6 3. Nc3 g6 4. Be3 Bg7 5. Nf3 a6 6. Bc4 b5 7. Bd3 Bb7 8. Qd2
Ng4 9. O-O-O Nc6 10. h3 Nxe3 11. Qxe3 e5 12. dxe5 Nxe5 13. Nxe5 Bxe5 14. Qh6
Qf6 15. g3 b4 16. Nd5 Bxd5 17. exd5 Bxb2+ 18. Kd2 Qxf2+ 19. Be2 Bc3+ 0-1

[Event "Mezinarodni sachovy festival Plzen 2024"]
[Site "?"]
[Date "2024.09.13"]
[Round "5.4"]
[White "Hodan, Jiri"]
[Black "Hrdlica, Pavel"]
[Result "1-0"]
[WhiteElo "1903"]
[BlackElo "1949"]
[PlyCount "57"]

1. c4 Nf6 2. Nf3 d5 3. cxd5 Nxd5 4. d4 e6 5. e4 Bb4+ 6. Bd2 Bxd2+ 7. Qxd2 Nf6
8. Nc3 O-O 9. Bd3 b6 10. Rc1 c6 11. h4 Bb7 12. e5 Nd5 13. Ng5 h6 14. Nge4 f5
15. Nd6 Ba6 16. Nxd5 Bxd3 17. Nf4 Be4 18. Nxe6 Qe7 19. Nxf8 Qxf8 20. Nxe4 fxe4
21. Qe3 Qb4+ 22. Qc3 Qb5 23. Qc4+ Qxc4 24. Rxc4 a5 25. Kd2 Ra7 26. Ke3 Rf7 27.
Rf1 g5 28. hxg5 hxg5 29. g3 1-0

[Event "Mezinarodni sachovy festival Plzen 2024"]
[Site "?"]
[Date "2024.09.13"]
[Round "5.5"]
[White "Olejnik, Artur"]
[Black "Vlk, Miloslav"]
[Result "1-0"]
[WhiteElo "1703"]
[BlackElo "1873"]
[PlyCount "73"]

1. d4 d5 2. c4 c6 3. e3 Nf6 4. Nc3 e6 5. Nf3 Bd6 6. Qc2 Nbd7 7. Bd3 O-O 8. O-O
dxc4 9. Bxc4 e5 10. Rd1 Qe7 11. Bd3 Re8 12. Ng5 h6 13. Nge4 Bc7 14. Ng3 Nb6 15.
b3 Bg4 16. f3 Be6 17. Bb2 Nbd5 18. Nxd5 Nxd5 19. Qf2 Rad8 20. Be4 Qg5 21. Bxd5
Bxd5 22. dxe5 Qg6 23. f4 h5 24. f5 Qg4 25. Rd4 Qg5 26. h4 Qh6 27. Rad1 Bxe5 28.
e4 Bf4 29. Kh2 Qf6 30. Qxf4 Rc8 31. exd5 cxd5 32. Nxh5 Qe7 33. f6 Qe2 34. Qg4
Qe5+ 35. Rf4 g6 36. Bxe5 Rxe5 37. Qxc8+ 1-0

[Event "Mezinarodni sachovy festival Plzen 2024"]
[Site "?"]
[Date "2024.09.13"]
[Round "5.6"]
[White "Skoda, Jiri"]
[Black "Laska, Vaclav"]
[Result "1-0"]
[WhiteElo "1837"]
[BlackElo "1837"]
[PlyCount "69"]

1. e4 c6 2. Nf3 d5 3. exd5 cxd5 4. d4 Nc6 5. c3 Bg4 6. Be2 e6 7. Nbd2 Nf6 8.
Nf1 Bd6 9. Bg5 h6 10. Bh4 Be7 11. Bg3 Ne4 12. Ne3 Bxf3 13. gxf3 Nxg3 14. fxg3
g5 15. Ng2 Bd6 16. b4 Rc8 17. O-O h5 18. f4 h4 19. f5 hxg3 20. Bh5 gxh2+ 21.
Kh1 e5 22. b5 Na5 23. b6 axb6 24. Qg4 Qf6 25. Ne3 Qh6 26. Nxd5 Kf8 27. f6 Rd8
28. Bxf7 Kxf7 29. Rae1 Nc6 30. dxe5 Bxe5 31. Ne7 Qh5 32. Qf5 Rh6 33. Nxc6 bxc6
34. Qxe5 Rg8 35. Qe6+ 1-0

[Event "Mezinarodni sachovy festival Plzen 2024"]
[Site "?"]
[Date "2024.09.13"]
[Round "5.7"]
[White "Macho, Miloslav"]
[Black "Toman, Jan"]
[Result "0-1"]
[WhiteElo "1846"]
[BlackElo "1977"]
[PlyCount "130"]

1. Nf3 Nf6 2. e3 d5 3. c4 e6 4. d4 c6 5. Nc3 Nbd7 6. Bd3 dxc4 7. Bxc4 b5 8. Bd3
a6 9. O-O Bb7 10. a3 c5 11. dxc5 Bxc5 12. Be2 O-O 13. b4 Be7 14. Bb2 Nb6 15.
Nd2 Rc8 16. Rc1 Qd6 17. Rc2 Rfd8 18. Qc1 Na4 19. Bf3 Bxf3 20. Nxf3 Nxb2 21.
Qxb2 Qb8 22. Ne2 Rxc2 23. Qxc2 Rc8 24. Qb1 h6 25. Rc1 Rxc1+ 26. Qxc1 e5 27. Ng3
g6 28. Qc6 Qd6 29. Qc3 Nd7 30. h3 f5 31. Nf1 Bf6 32. Qc1 Kh7 33. N3d2 e4 34.
Nb3 Ne5 35. Qc5 Qxc5 36. Nxc5 Nc4 37. Nxa6 Nxa3 38. Nd2 Kg7 39. Kf1 Kf7 40. Ke2
Ke7 41. f3 exf3+ 42. Nxf3 Kd6 43. g4 fxg4 44. hxg4 Nc4 45. Nc5 Ne5 46. Ne4+ Ke7
47. Nd4 Nxg4 48. Nxf6 Nxf6 49. Nxb5 Nd5 50. Nd4 Nxb4 51. Kf3 Nd3 52. Ne2 Kf6
53. Ng3 Ne5+ 54. Kf4 g5+ 55. Ke4 Nf7 56. Kd5 g4 57. e4 Kg5 58. e5 Nd8 59. Kd6
h5 60. e6 Nxe6 61. Kxe6 h4 62. Ne4+ Kf4 63. Nf2 g3 64. Nh3+ Kg4 65. Ng1 h3 0-1

[Event "Mezinarodni sachovy festival Plzen 2024"]
[Site "?"]
[Date "2024.09.13"]
[Round "5.8"]
[White "Koper, Stefan"]
[Black "Krivka, Matej"]
[Result "1-0"]
[WhiteElo "1797"]
[BlackElo "1917"]
[PlyCount "93"]

1. d4 Nf6 2. Nf3 g6 3. c4 Bg7 4. g3 O-O 5. Bg2 d6 6. O-O Nbd7 7. Nc3 e5 8. d5
a5 9. e4 Nc5 10. Re1 Nfd7 11. Bg5 f6 12. Be3 f5 13. Bg5 Qe8 14. Nb5 fxe4 15.
Nxc7 Qf7 16. Nd2 Rb8 17. Rf1 h6 18. Be3 Nf6 19. Nb5 Bg4 20. Qc2 Qd7 21. Bxc5
dxc5 22. Nxe4 Nxe4 23. Bxe4 Bh3 24. Bg2 Bxg2 25. Kxg2 Rf5 26. f3 Rbf8 27. Rae1
g5 28. b3 h5 29. h3 R8f6 30. Qd3 Bf8 31. Nc3 Ra6 32. a4 Rh6 33. Ne4 Bd6 34. Qe3
Qe7 35. h4 Rg6 36. hxg5 Qg7 37. Rh1 Rfxg5 38. Nxg5 Rxg5 39. Rh3 e4 40. f4 Rf5
41. Qxe4 Rxf4 42. Qe8+ Bf8 43. Qe6+ Rf7 44. Rxh5 Qb2+ 45. Re2 Qb1 46. Qg4+ Rg7
47. Rg5 1-0